| 000 | 00329nam a22001217a 4500 | ||
|---|---|---|---|
| 082 |
_a327.47 _bBIL |
||
| 100 | _aBilainkin, George | ||
| 245 |
_aMaisky: _bTen Years Ambassador / _cGeorge Bilainkin |
||
| 260 |
_aLondon : _bGeorge Allen & Unwin Ltd, _c1944. |
||
| 300 |
_a400 p. ; _c22 cm. |
||
| 563 | _aHB. | ||
| 942 |
_2ddc _cBK |
||
| 999 |
_c616242 _d616242 |
||